<?xml version="1.0" encoding="UTF-8"?>
<collection xmlns="http://www.loc.gov/MARC21/slim">
 <record>
  <leader>01413nam a2200241Ia 4500</leader>
  <controlfield tag="001">TVU_2221</controlfield>
  <controlfield tag="008">210423s9999    xx            000 0 und d</controlfield>
  <datafield tag="041" ind1=" " ind2=" ">
   <subfield code="a">Vie</subfield>
  </datafield>
  <datafield tag="082" ind1=" " ind2=" ">
   <subfield code="a">351.597</subfield>
  </datafield>
  <datafield tag="082" ind1=" " ind2=" ">
   <subfield code="b">Kh120/T10</subfield>
  </datafield>
  <datafield tag="245" ind1=" " ind2="0">
   <subfield code="a">Khâm định Đại nam hội điển sự lệ</subfield>
  </datafield>
  <datafield tag="245" ind1=" " ind2="0">
   <subfield code="c">Lê Huy Chưởng, Phạm Huy Giu, Trương Văn Chinh (dich) ; Ngô Linh Ngọc, Phan Đại Doãn (hiệu đính) ; Nguyễn Quang Ân (biên tập) ... [và những người khác]</subfield>
  </datafield>
  <datafield tag="260" ind1=" " ind2=" ">
   <subfield code="a">Huế</subfield>
  </datafield>
  <datafield tag="260" ind1=" " ind2=" ">
   <subfield code="b">Thuận Hóa</subfield>
  </datafield>
  <datafield tag="260" ind1=" " ind2=" ">
   <subfield code="c">1993</subfield>
  </datafield>
  <datafield tag="300" ind1=" " ind2=" ">
   <subfield code="a">599 tr.</subfield>
  </datafield>
  <datafield tag="300" ind1=" " ind2=" ">
   <subfield code="c">21 cm</subfield>
  </datafield>
  <datafield tag="520" ind1=" " ind2=" ">
   <subfield code="a">Bộ sách được Nhà xuất bản Thuận Hóa dịch và xuất bản gồm 15 tập do các sử gia triễu Nguyễn ( 1801 - 1945 ) biên soạn. Sách tập hợp, mô tả, giải thích tất cả những nghi thức cúng tế, quyền hành của các công thần trong vương triều phong kiến Việt Nam nói chung cũng như của triều Nguyễn nói riêng rất cần cho công tác khảo cứu lịch sử và văn hóa Việt Nam</subfield>
  </datafield>
  <datafield tag="650" ind1=" " ind2=" ">
   <subfield code="a">Nhà nước và pháp quyền phong kiến Việt Nam</subfield>
  </datafield>
  <datafield tag="700" ind1=" " ind2=" ">
   <subfield code="a">Lê Huy Chưởng; Phạm Huy Giu; Trương Văn Chinh ; Ngô Linh Ngọc; Phan Đại Doãn </subfield>
  </datafield>
  <datafield tag="700" ind1=" " ind2=" ">
   <subfield code="e">dịch,dịch,dịch,hiệu đính,hiệu đính,biên tập</subfield>
  </datafield>
  <datafield tag="710" ind1=" " ind2=" ">
   <subfield code="a">Viện Khoa học Xã hội Việt Nam</subfield>
  </datafield>
  <datafield tag="980" ind1=" " ind2=" ">
   <subfield code="a">Trung tâm Học liệu Trường Đại học Trà Vinh</subfield>
  </datafield>
 </record>
</collection>
